| 000 | 00612pam a2200181 a 4500 | ||
|---|---|---|---|
| 020 | _a0865659613 (hard cover) | ||
| 040 | _cDLC | ||
| 082 | 0 | 0 | _a747 DIS 1995 C153 Or. |
| 100 | 1 | _aHighton, Leonie. | |
| 245 | 1 | 0 | _aHouse & garden book of bedrooms and bathrooms / |
| 246 | 3 | _aHouse and garden book of bedrooms and bathrooms | |
| 260 |
_aNew York : _bVendome Press : _bDistributed in the USA and Canada by Rizzoli International through St. Martin's Press, _cc1995. |
||
| 300 |
_a223 p. : _bcol. ill. ; _c28 cm. |
||
| 650 | 0 | _aBedrooms. | |
| 650 | 0 | _aBathrooms. | |
| 650 | 0 | _aInterior decoration. | |
| 942 | _cAEDBB | ||
| 999 |
_c18828 _d18828 |
||